00702nam a2200169 a 450000100060000000300090000600800410001504000280005608200160008410000340010024500760013425000080021026000440021850502230026265000200048565000270050522425CO-ViMGA141112s2004 ck r 000 u spa d aCO-ViMGAbspacCO-ViMGA04a136.1 C681m1 aCowan, Conell; Kinder, Melvin10aLas mujeres que los hombres aman, las mujeres que los hombres abandonan a334 aBuenos Aires : bJavier Vergara, c1988 a¿Por que el amor parece tan esquivo? 313 - - El temor inconsiente a la intimidad emocional 29 - - Como las expectativas inocentes se vuelven peligrosas 57 - - Las mujeres que, en el fondo desprecian a los hombres 79 14aAMOR PSICOLOGIA14aPSICOLOGIA DE LA MUJER